[Event "Bratislava-ch"]
[Site "Bratislava"]
[Date "2003.04.13"]
[Round "9"]
[White "Vasil, Patrik"]
[Black "Danielik, Ladislav"]
[Result "1/2-1/2"]
[WhiteElo "1350"]
[BlackElo "1587"]
[PlyCount "100"]
[EventDate "2003.03.??"]
[EventType "swiss"]
[EventRounds "9"]
[EventCountry "SVK"]
[SourceTitle "EXT 2006"]
[Source "ChessBase"]
[SourceDate "2005.11.24"]
[SourceVersion "1"]
[SourceVersionDate "2005.11.24"]
[SourceQuality "1"]

1. e4 e5 2. Nf3 Nc6 3. Bb5 a6 4. Ba4 Nf6 5. d3 b5 6. Bb3 d6 7. h3 Na5 8. c3 Nxb3 9. axb3 h6 10. 0-0 Be7 11. Re1 0-0 12. Bd2 Nh7 13. d4 Ng5 14. Bxg5 Bxg5 15. dxe5 Bf4 16. exd6 Bxd6 17. e5 Bc5 18. Qxd8 Rxd8 19. Nbd2 Bb7 20. b4 Be7 21. Nd4 Kf8 22. N2b3 Bd5 23. Nc5 Bxc5 24. bxc5 Re8 25. b4 c6 26. Nf5 Re6 27. Re3 Rg6 28. Rg3 Rg5 29. Rxg5 hxg5 30. Ne3 g6 31. Nxd5 cxd5 32. Rd1 Rd8 33. Kh2 Ke7 34. Kg3 Ke6 35. Kg4 Rh8 36. Rd4 Kxe5 37. Kxg5 Rh5+ 38. Kg4 f5+ 39. Kg3 g5 40. f4+ Ke6 41. fxg5 Rxg5+ 42. Kf3 Ke5 43. h4 Rh5 44. g3 Rh6 45. Rd1 Rh8 46. Re1+ Kf6 47. Kf4 Rg8 48. Re3 Rg4+ 49. Kf3 Rc4 50. Rd3 Ke5 1/2-1/2

[Event "Bratislava-ch"]
[Site "Bratislava"]
[Date "2003.04.05"]
[Round "4"]
[White "Stit, Peter"]
[Black "Danielik, Ladislav"]
[Result "0-1"]
[WhiteElo "1747"]
[BlackElo "1587"]
[PlyCount "52"]
[EventDate "2003.03.??"]
[EventType "swiss"]
[EventRounds "9"]
[EventCountry "SVK"]
[SourceTitle "EXT 2006"]
[Source "ChessBase"]
[SourceDate "2005.11.24"]
[SourceVersion "1"]
[SourceVersionDate "2005.11.24"]
[SourceQuality "1"]

1. c4 Nf6 2. Nc3 g6 3. Nf3 e6 4. d4 d5 5. cxd5 Nxd5 6. g3 Bg7 7. e4 Nxc3 8. bxc3 0-0 9. e5 c6 10. Bg2 Qa5 11. Bd2 Qc7 12. Qc1 Nd7 13. h4 f6 14. exf6 Nxf6 15. Ne5 Nd7 16. Nd3 e5 17. dxe5 Nxe5 18. Nxe5 Qxe5+ 19. Kd1 Rxf2 20. Qc2 Rxg2 21. Re1 Bg4+ 22. Kc1 Qd5 23. Qb3 Rxd2 24. Qxb7 Rd8 25. Qe7 Rd1+ 26. Kb2 Rb8+ 0-1